000 01142nam a22002537a 4500
005 20170124103107.0
010 _aA-439132
020 _c135.00
_a8185358001
035 _aA-439132
037 _bCen Lib/Ret
040 _aDPL
_bHN
082 _a230.1
_bरायमं
100 _aराय, मंजु
_92233
245 _aअष्टदश पुराणों की कृष्ण-कथा के संदर्भ में सूरसागर की कृष्ण-कथा /
_cमंजु राय
246 _aAshtdash puranon ki krishn-katha ke sandarbh me soorsagar ki krishn-katha /
_bby Manju Ray
260 _aपटना
_bबिहार ग्रन्थ कुटीर
_c1989
270 _aअशोक राजपथ
_bपटना
_e800004
300 _a335पृ.
_c20सेमी(सजिल्द)
650 _aहिन्दू धर्म
_91413
650 _aहिन्दू -- पुराण परिचय
_978758
650 _aHindu religion
_978759
650 _aHindu - Introduction to Mythology
_978760
942 _2ddc
_cHN
_h230.1
_mरायमं
999 _c118187
_d118187